000 00479nam a2200157Ia 4500
005 20250513135945.0
008 231217s9999 xx 000 0 und d
020 _a9780471789116
082 _a005.14 NAI;2 R1
100 _aNaik, Kshirasagar. Tripathy, Priyadarshi.
245 0 _aSoftware testing and quality assurance : theory and practice
260 _c2008
_bJohn Wiley
_aNew Jersey
300 _axxix, 616
650 _aSoftware,testing,quality,assurance
942 _cAA
999 _c189002
_d189002